[Event "Niederbayern-ch MK Seniors 47th"]
[Site "Aidenbach"]
[Date "2006.??.??"]
[Round "9"]
[White "Bock, Ortwin"]
[Black "Hirtreiter, Alexander"]
[Result "0-1"]
[WhiteElo "1858"]
[BlackElo "1741"]
[PlyCount "114"]
[EventDate "2006.??.??"]
[EventType "swiss"]
[EventRounds "7"]
[EventCountry "GER"]
[SourceTitle "EXT 2007"]
[Source "ChessBase"]
[SourceDate "2006.11.23"]
[SourceVersion "1"]
[SourceVersionDate "2006.11.23"]
[SourceQuality "1"]

1. Nc3 e5 2. e3 d5 3. Qh5 Nc6 4. Bb5 Qd6 5. d4 exd4 6. exd4 Nf6 7. Qe5+ Be7 8. Bf4 0-0 9. Qxd6 Bxd6 10. Bxd6 cxd6 11. 0-0-0 a6 12. Bxc6 bxc6 13. f3 Re8 14. Nge2 a5 15. Rhe1 Ba6 16. Ng3 g6 17. b3 Re6 18. Rxe6 fxe6 19. Re1 Kf7 20. h4 Re8 21. Nce2 Bxe2 22. Rxe2 e5 23. c3 e4 24. Kd2 exf3 25. gxf3 Rxe2+ 26. Kxe2 Ne8 27. a3 c5 28. Kd3 Ke6 29. a4 Nc7 30. c4 Na6 31. Kc3 h6 32. dxc5 dxc5 33. cxd5+ Kxd5 34. f4 Nc7 35. f5 g5 36. hxg5 hxg5 37. Nh5 Ne8 38. f6 Nd6 39. f7 Nxf7 40. Nf6+ Ke5 41. Nd7+ Kd6 42. Nf6 Kc6 43. Ng4 Kd5 44. Nf6+ Ke5 45. Nd7+ Ke4 46. Nxc5+ Ke3 47. Ne6 g4 48. Nd4 Nd6 49. Nc2+ Kf2 50. Kd2 Nf5 51. b4 g3 52. Ne1 axb4 53. Nd3+ Kf3 54. Ne1+ Ke4 55. a5 Nd4 56. a6 Nb5 57. Ng2 Kf3 0-1